000 00607cab a2200217 4500
001 ##L133145
008 060418n2006 000 0 eng u
035 _a(Sirsi) u133145
041 0 _aeng
100 1 _aEade, Christine
245 0 0 _aCheshire and north Wales
_bregional
260 _c2006
490 0 _aProperty Week
_v71(15) 14 April 2006, 87-96(7)
520 _aLooks at the retail market in Chester, Warrington and Wrexham.
590 _aIKA250406
650 2 4 _aCHESTER
650 2 4 _aWARRINGTON
650 2 4 _aWREXHAM
690 _aPROPERTY-COMMERCIAL PROPERTY-RETAIL PROPERTY
942 _n0
999 _c76822
_d76822